Sports Quiz

Random Sports or NFL Quiz

NFL Top 50 Receiving Yards Leaders (2008) Quiz Stats

 Plays Quiz not verified by Sporcle

Challenge
Share
Tweet
Embed
Score 0/50 Timer 12:00
0 Plays Today
Team/Yards Player % Correct
1. HOU 1575Andre Johnson
98.9%
2. ARZ 1431Larry Fitzgerald
98.9%
3. CAR 1421Steve Smith
98.9%
4. ATL 1382Roddy White
98.9%
5. DET 1331Calvin Johnson
97.9%
9. NE 1165Wes Welker
96.8%
14. WAS 1044Santana Moss
95.7%
21. NE 1008Randy Moss
95.7%
10. IND 1145Reggie Wayne
94.7%
11. SD 1098Vincent Jackson
93.6%
16. ARZ 1038Anquan Boldin
93.6%
28. PHI 912Desean Jackson
93.6%
15. PIT 1043Hines Ward
90.4%
18. KC 1022Dwayne Bowe
90.4%
20. GB 1012Donald Driver
89.4%
12. KC 1058Tony Gonzalez
88.3%
50. IND 664Anthony Gonzalez
88.3%
6. GB 1292Greg Jennings
85.1%
45. NO 760Marques Colston
85.1%
25. DAL 952Jason Witten
84%
44. JAX 761Matt Jones
79.8%
13. DAL 1052Terrell Owens
77.7%
7. DEN 1265Brandon Marshall
75.5%
46. SD 704Antonio Gates
74.5%
19. BUF 1017Lee Evans
72.3%
Team/Yards Player % Correct
17. BAL 1037Derrick Mason
71.3%
39. STL 796Torry Holt
71.3%
36. IND 848Dallas Clark
68.1%
29. CIN 904T.J. Houshmandzadeh
66%
38. PIT 821Santonio Holmes
64.9%
34. NYJ 850Laveranues Coles
61.7%
8. TB 1248Antonio Bryant
59.6%
31. CLE 873Braylon Edwards
58.5%
27. CAR 923Muhsin Muhammad
57.4%
37. SF 835Isaac Bruce
55.3%
32. HOU 862Owen Daniels
54.3%
22. ARZ 1006Steve Breaston
51.1%
40. NO 793Devery Henderson
51.1%
30. HOU 899Kevin Walter
47.9%
26. NO 928Lance Moore
46.8%
42. OAK 778Zach Miller
44.7%
35. WAS 849Chris Cooley
42.6%
33. NYJ 858Jerricho Cotchery
35.1%
23. DEN 980Eddie Royal
33%
47. BAL 695Mark Clayton
31.9%
24. MIN 964Bernard Berrian
28.7%
49. CHI 665Devin Hester
24.5%
41. MIA 790Ted Ginn Jr.
14.9%
43. ATL 777Michael Jenkins
12.8%
48. STL 674Donnie Avery
9.6%

You're not logged in!

Compare scores with friends on all Sporcle quizzes.
OR
Log In

You Might Also Like...

Show Comments

Extras

Created May 5, 2015ReportNominate
Tags:NFL Quiz

Top Quizzes Today


Score Distribution

Your Account Isn't Verified!

In order to create a playlist on Sporcle, you need to verify the email address you used during registration. Go to your Sporcle Settings to finish the process.

Report this User

Report this user for behavior that violates our Community Guidelines.

Details: